Città della Regione Pokémon di Unima nella Mappa - Statistics

Statistiche generali
  • Questo quiz è stato fatto 307 volte
    306 dall'ultimo reset
  • Il punteggio medio è 11 su 19
Risposte nella Mappa
Le risposte nella mappa del quiz sottostante sono codificate secondo una scala di colori dal rosso al verde in base alla % di persone che hanno risposto correttamente.
 
Statistiche sulle risposte
Risposta % Corretto
Austropoli
78%
Lega Pokémon
70%
Quattroventi
66%
Sciroccopoli
65%
Libecciopoli
64%
Soffiolieve
62%
Boreduopoli
58%
Città Nera/Foresta Bianca
56%
Levantopoli
56%
Mistralopoli
56%
Zondopoli
54%
Grecalopoli
52%
Zefiropoli
51%
Ponentopoli
50%
Spiraria
48%
Venturia
44%
Fortebrezza
43%
Alisopoli
42%
Poggiovento
34%
Nessun quiz corrispondente trovato
Distribuzione punteggi
Percentuale di utenti per punteggio
Percentile per numero di risposta
I tuoi punteggi nel tempo
Non hai fatto questo quiz dall'ultimo reset